[Event "III Dolnoslaska Liga Szachowa 2017/2018"]
[Site "Dolny Slask"]
[Date "1899-12-30"]
[Round "11.19"]
[White "Krawiec, Grzegorz"]
[Black "Rura, Mikolaj"]
[Result "1/2-1/2"]
[WhiteTitle "I"]
[BlackTitle "I"]
[WhiteElo "1714"]
[BlackElo "1624"]

1. e4 e5 2. Nf3 Nc6 3. Nc3 Nf6 4. d4 exd4 5. Nxd4 Bb4 6. Nxc6 Bxc3+ 7. bxc3 bxc6
8. Bd3 h6 9. Ba3 d6 10. O-O Bb7 11. Re1 O-O 12. e5 Nd5 13. c4 Nf4 14. Be4 Re8
15. exd6 cxd6 16. Bxd6 Qf6 17. Rb1 Rad8 18. c5 Ba6 19. Qf3 Ne2+ 20. Rxe2 Qxf3
21. Bxf3 Bxe2 22. Bxc6 Re6 23. Bd5 Ree8 24. Bc6 Re6 25. Bd5 Ree8 1/2-1/2

[Event "III Dolnoslaska Liga Szachowa 2017/2018"]
[Site "Dolny Slask"]
[Date "1899-12-30"]
[Round "11.20"]
[White "Miarecka, Natalia"]
[Black "Lascar, Maria Elena"]
[Result "0-1"]
[WhiteTitle "II"]
[BlackTitle "I+"]
[WhiteElo "1002"]
[BlackElo "1606"]

1. e4 c5 2. Nf3 e6 3. c3 Nf6 4. e5 Nd5 5. d4 cxd4 6. cxd4 Nc6 7. Bb5 Qa5+ 8. Nc3
Nxc3 9. bxc3 Qxb5 10. Be3 Be7 11. Qc2 O-O 12. c4 Qa5+ 13. Nd2 Nb4 14. Qb3 d5 15.
O-O Rb8 16. Rfb1 Bd7 17. a4 Rfc8 18. h3 Qd8 19. a5 a6 20. c5 Nc6 21. Qc3 f6 22.
f4 fxe5 23. fxe5 Bg5 24. Nb3 Bxe3+ 25. Qxe3 Qh4 26. Kh2 Rf8 27. g3 Qh5 28. Kg2
Ne7 29. Nc1 Nf5 30. Qc3 Qd1 31. Rb4 Bb5 32. Ra2 Nh6 33. Qe3 Qf1+ 34. Kh2 Rf3 35.
Qd2 Rbf8 36. Rbb2 Nf5 37. Qg2 Nxg3 38. Qxf1 Nxf1+ 39. Kg2 Rg3+ 40. Kh1 Rxh3+ 0-1

[Event "III Dolnoslaska Liga Szachowa 2017/2018"]
[Site "Dolny Slask"]
[Date "1899-12-30"]
[Round "11.21"]
[White "Dobrowolski, Aleksander"]
[Black "Laszewicz, Pawel"]
[Result "1-0"]
[WhiteTitle "m"]
[BlackTitle "k"]
[WhiteElo "2272"]
[BlackElo "2077"]

1. e4 e5 2. Nf3 Nc6 3. Bb5 Nf6 4. O-O Nxe4 5. d4 Nd6 6. Bxc6 dxc6 7. dxe5 Nf5 8.
Qxd8+ Kxd8 9. Nc3 h6 10. b3 Be7 11. Bb2 Ke8 12. Ne4 a5 13. a4 Rg8 14. h3 Be6 15.
c4 Nh4 16. Nd4 Rd8 17. Rad1 Bb4 18. f4 Nf5 19. Nc2 Rxd1 20. Rxd1 h5 21. g4 hxg4
22. hxg4 Nh6 23. f5 Bc8 24. Ne3 Be7 25. Kg2 g6 26. f6 Nxg4 27. Nxg4 Bxg4 28. fxe7
Bxd1 29. Ba3 c5 30. Bxc5 b6 31. Nf6# 1-0

[Event "III Dolnoslaska Liga Szachowa 2017/2018"]
[Site "Dolny Slask"]
[Date "1899-12-30"]
[Round "11.22"]
[White "Siembab, Bartosz"]
[Black "Helaszek, Edward"]
[Result "1-0"]
[WhiteTitle "k++"]
[BlackTitle "k"]
[WhiteElo "2252"]
[BlackElo "1996"]

1. d4 Nf6 2. c4 d6 3. Nc3 Nbd7 4. e4 e5 5. Nf3 Be7 6. Be2 O-O 7. O-O Re8 8. Re1
c6 9. Bf1 Qc7 10. Rb1 Bf8 11. b4 h6 12. b5 exd4 13. Nxd4 Nc5 14. f3 g6 15. Be3
Nfd7 16. Qd2 Kh7 17. Rbd1 Ne5 18. h3 f6 19. f4 Nf7 20. Bf2 h5 21. f5 g5 22. Qe2
h4 23. Qh5+ Kg8 24. Nb3 Nd7 25. g3 hxg3 26. Bxg3 Nde5 27. h4 Bd7 28. Bxe5 dxe5
29. c5 gxh4 30. Bc4 Re7 31. Kh1 Bg7 32. Rg1 1-0

[Event "III Dolnoslaska Liga Szachowa 2017/2018"]
[Site "Dolny Slask"]
[Date "1899-12-30"]
[Round "11.23"]
[White "Szpinda, Piotr"]
[Black "Szczesniak, Konrad"]
[Result "0-1"]
[WhiteTitle "II"]
[BlackTitle "k"]
[WhiteElo "1428"]
[BlackElo "2101"]

1. b4 Nf6 2. Bb2 e6 3. b5 c6 4. a4 a6 5. e3 axb5 6. axb5 Rxa1 7. Bxa1 Be7 8. Nf3
O-O 9. Be2 d6 10. h3 e5 11. c4 c5 12. Qa4 Nbd7 13. O-O Nb6 14. Qa7 Be6 15. Qxb7
Nxc4 16. Nc3 h6 17. e4 Na5 18. Qa7 Nb3 19. d3 Qb8 20. Qxb8 Rxb8 21. Rb1 Nd4 22.
Bd1 Bd8 23. Nd2 Ba5 24. Nc4 Bxc3 25. Bxc3 Rxb5 26. Rxb5 Nxb5 27. Ba5 Bxc4 28.
dxc4 Na3 29. Be2 Nxe4 30. Bd3 Nf6 31. f3 d5 32. cxd5 Nxd5 33. Be4 Nb4 34. Kf1
Nc4 35. Bc7 Na6 36. Bd8 Nd2+ 37. Ke2 Nxe4 38. fxe4 Kf8 39. Kd3 Ke8 40. Bb6 Kd7
41. Kc4 Kc6 42. Bd8 Nb8 43. g4 Nd7 44. Be7 g6 45. h4 h5 46. g5 Nb6+ 47. Kc3 Kb5
48. Bd6 Nd7 49. Be7 c4 50. Bd6 Nc5 51. Bxe5 Nxe4+ 52. Kd4 Nd2 53. Kc3 Nf3 54.
Bg3 Kc5 55. Bf2+ Kd5 56. Bg3 Nd4 57. Bf2 Nb5+ 58. Kb4 Nd6 59. Be3 Ke4 60. Bd2
Kd3 0-1

[Event "III Dolnoslaska Liga Szachowa 2017/2018"]
[Site "Dolny Slask"]
[Date "1899-12-30"]
[Round "11.24"]
[White "Majocha, Piotr"]
[Black "Lichwa, Przemyslaw"]
[Result "0-1"]
[WhiteTitle "I"]
[BlackTitle "II"]
[WhiteElo "1902"]
[BlackElo "1456"]

1. c4 c6 2. g3 d5 3. Bg2 e5 4. b3 d4 5. d3 c5 6. Nf3 Bd6 7. O-O Nf6 8. e3 O-O 9.
exd4 exd4 10. Na3 a6 11. Nc2 Nc6 12. h3 Qc7 13. a3 Be6 14. Rb1 Rab8 15. b4 b6
16. Bg5 Nd7 17. Re1 h6 18. Bc1 Bxg3 19. fxg3 Qxg3 20. Qe2 Bxh3 21. Qf2 Qxf2+ 22.
Kxf2 Bf5 23. Bf4 Rbc8 24. Bf1 Rfe8 25. Rxe8+ Rxe8 26. Re1 Rxe1 27. Kxe1 f6 28.
Ke2 Nce5 29. Bxe5 Nxe5 30. Nxe5 fxe5 31. bxc5 bxc5 32. Bg2 Bd7 33. Bb7 a5 34.
Ne1 Kf7 35. Nf3 Bg4 36. Kf2 Bxf3 37. Kxf3 h5 38. Ke4 Ke6 39. Bc8+ Kf6 40. Bh3
g5 41. Bg2 g4 42. Bf1 Ke6 43. Be2 Kf6 44. a4 Kg5 45. Kxe5 g3 46. Bf1 Kg4 47. Ke4
h4 48. Be2+ Kh3 49. Kf3 Kh2 50. Bf1 h3 0-1

[Event "III Dolnoslaska Liga Szachowa 2017/2018"]
[Site "Dolny Slask"]
[Date "1899-12-30"]
[Round "11.25"]
[White "Korosciel, Aneta"]
[Black "Wasala, Wiktoria"]
[Result "1-0"]
[WhiteTitle "m"]
[BlackTitle "I"]
[WhiteElo "1993"]
[BlackElo "1512"]

1. d4 c5 2. c3 e6 3. Nf3 Nc6 4. g3 d5 5. Bg2 Bd6 6. O-O Nf6 7. Nbd2 O-O 8. b3 Re8
9. Bb2 Bd7 10. e3 Rc8 11. c4 Qc7 12. cxd5 Nxd5 13. Ne4 cxd4 14. Nxd6 Qxd6 15.
Nxd4 Ncb4 16. a3 Nc6 17. e4 Nb6 18. Nb5 Qxd1 19. Rfxd1 Red8 20. Nd6 Rb8 21. Rac1
e5 22. Nxb7 Rxb7 23. Rxc6 Re8 24. Rcd6 Be6 25. Rd8 Kf8 26. Bxe5 Rxd8 27. Rxd8+
Ke7 28. Rd3 f6 29. Bd6+ Kf7 30. e5 Rd7 31. f4 Bf5 32. Rc3 Ke6 33. Rc5 h6 34. a4
Kf7 35. a5 Nc8 36. Bd5+ 1-0

[Event "III Dolnoslaska Liga Szachowa 2017/2018"]
[Site "Dolny Slask"]
[Date "1899-12-30"]
[Round "11.26"]
[White "Zeberski, Jakub"]
[Black "Daniel, Damian"]
[Result "1-0"]
[WhiteTitle "IM"]
[BlackTitle "I++"]
[WhiteElo "2323"]
[BlackElo "2094"]

1. e4 e5 2. Nc3 Nf6 3. f4 d5 4. fxe5 Nxe4 5. Qf3 Nxc3 6. dxc3 Be6 7. Qg3 c5 8.
Nf3 h6 9. Bb5+ Nc6 10. Bxc6+ bxc6 11. O-O g5 12. Be3 Be7 13. Qf2 Qa5 14. b4 cxb4
15. Nd4 Kd7 16. cxb4 Qa6 17. a4 Qc4 18. b5 c5 19. Nc6 Bf8 20. Na5 Qc3 21. Bd2
Qxe5 22. Rae1 Qg7 23. c4 d4 24. Qf3 Rc8 25. Nc6 Bd6 26. Nxa7 Bxc4 27. b6 Bxf1
28. Qf5+ 1-0

[Event "III Dolnoslaska Liga Szachowa 2017/2018"]
[Site "Dolny Slask"]
[Date "1899-12-30"]
[Round "11.27"]
[White "Kowalczuk, Wojciech"]
[Black "Marko, Piotr"]
[Result "1-0"]
[WhiteTitle "k"]
[BlackTitle "I"]
[WhiteElo "2043"]
[BlackElo "1819"]

1. e4 e5 2. Nf3 Nc6 3. Bc4 Nf6 4. Ng5 d5 5. exd5 Na5 6. Bb5+ c6 7. dxc6 bxc6 8.
Be2 h6 9. Nf3 e4 10. Ne5 Bd6 11. d4 exd3 12. Nxd3 O-O 13. O-O Qc7 14. h3 Ba6 15.
b3 Rfe8 16. Bb2 Ne4 17. Nd2 Rad8 18. Nxe4 Rxe4 19. Bf3 Re7 20. Re1 Red7 21. Bg4
Re7 22. Rxe7 Bxe7 23. Qe2 c5 24. Be5 Bd6 25. Bxd6 Rxd6 26. Re1 Bxd3 27. Qe8+ Kh7
28. Re7 Qc6 29. Qxf7 Rg6 30. cxd3 1-0

[Event "III Dolnoslaska Liga Szachowa 2017/2018"]
[Site "Dolny Slask"]
[Date "1899-12-30"]
[Round "11.29"]
[White "Stec, Czeslaw"]
[Black "Pawicka, Magdalena"]
[Result "0-1"]
[WhiteTitle "II"]
[BlackTitle "I"]
[WhiteElo "1794"]
[BlackElo "1768"]

1. e4 e5 2. Nf3 Nc6 3. Bb5 a6 4. Ba4 d6 5. c3 Bd7 6. h3 g6 7. O-O Bg7 8. d3 Nf6
9. Nh2 O-O 10. f4 Re8 11. Na3 b5 12. Bb3 Na5 13. Bc2 Nh5 14. f5 c5 15. b4 cxb4
16. cxb4 Nc6 17. Bb3 Qb6+ 18. Rf2 Nf4 19. fxg6 hxg6 20. Bxf4 exf4 21. Rb1 Bd4
22. Qe2 Ne5 23. Rbf1 Rac8 24. Nf3 Bxf2+ 25. Rxf2 Rc1+ 26. Kh2 Nxd3 27. Rf1 Rxf1
28. Qxf1 Ne5 29. Nc2 Kg7 30. Nfd4 g5 31. Qf2 Qc7 32. g3 Rh8 33. Nf5+ Bxf5 34.
exf5 Ng4+ 0-1

[Event "III Dolnoslaska Liga Szachowa 2017/2018"]
[Site "Dolny Slask"]
[Date "1899-12-30"]
[Round "11.30"]
[White "Rogacka, Natalia"]
[Black "Czaplewska, Klara"]
[Result "1/2-1/2"]
[WhiteTitle "I"]
[BlackTitle "k+"]
[WhiteElo "1558"]
[BlackElo "1897"]

1. e4 d6 2. Nc3 g6 3. Bc4 Bg7 4. d3 Nf6 5. f4 Nc6 6. Nf3 O-O 7. O-O Na5 8. Bb3
Nxb3 9. axb3 b6 10. Bd2 Bb7 11. Qc1 Qd7 12. h3 a6 13. Nh4 e6 14. f5 exf5 15. exf5
Rfe8 16. Bh6 Nh5 17. Bxg7 Kxg7 18. Qg5 h6 19. Qg4 Nf6 20. Qc4 Qe7 21. fxg6 fxg6
22. Rae1 Qf7 23. Rxe8 Rxe8 24. Nf3 Re6 25. Nd2 c5 26. Qf4 Qe7 27. b4 g5 28. Qg3
cxb4 29. Nd1 Re2 30. Rf2 a5 31. Nc4 Re1+ 32. Rf1 Rxf1+ 33. Kxf1 d5 34. Nd6 Kg6
35. Nxb7 Qxb7 36. Qd6 b5 37. Ne3 Qf7 38. Kg1 Qd7 39. Qb6 a4 40. Ng4 Qf5 41. Qxb5
Nxg4 42. hxg4 Qxg4 43. Qxa4 Qd4+ 44. Kh2 Qxb2 45. Qe8+ Kf5 46. Qf8+ Qf6 47. Qxb4
Qe5+ 48. Kh1 Qf4 49. Qe1 d4 50. c4 dxc3 51. Qxc3 Kg4 52. Qe1 Kf5 53. Qc3 1/2-1/2